[Event "Hastings Masters 2008-09"]
[Site "Hastings ENG"]
[Date "2008.12.28"]
[Round "1"]
[White "Howell, David"]
[Black "Kaufman, Raymond"]
[Result "1-0"]
[WhiteElo "2593"]
[BlackElo "2320"]
[PlyCount "113"]
[GameId "2129405090120966"]
[EventDate "2008.12.28"]
[EventType "swiss"]
[EventRounds "9"]
[EventCountry "ENG"]
[SourceTitle "The Week in Chess 738"]
[Source "Mark Crowther"]
[SourceDate "2008.12.29"]
[SourceVersion "1"]
[SourceVersionDate "2008.12.29"]
[SourceQuality "2"]

1. d4 d5 2. c4 e6 3. Nc3 Bb4 4. e3 Nf6 5. Nge2 O-O 6. a3 Be7 7. cxd5 exd5 8. Nf4 c6 9. g3 Bf5 10. Bg2 Re8 11. O-O Bd6 12. f3 Bxf4 13. exf4 b6 14. g4 Bc8 15. f5 Ba6 16. Re1 Nbd7 17. Bf4 c5 18. Rxe8+ Qxe8 19. Bg3 Qe3+ 20. Bf2 Qf4 21. Qc1 Qxc1+ 22. Rxc1 h6 23. h4 Bc4 24. Rd1 Rd8 25. Be3 cxd4 26. Bxd4 Re8 27. Kf2 Ne5 28. Kg3 Bb3 29. Rd2 Nc4 30. Rf2 Ne3 31. Bh3 Kf8 32. Kf4 Nc2 33. Rd2 Rc8 34. Bf1 Nxd4 35. Rxd4 Rc5 36. g5 Nd7 37. Rb4 Bc4 38. Bxc4 dxc4 39. Ne4 hxg5+ 40. hxg5 Rc6 41. Rb5 Ke7 42. Ke3 a6 43. Rd5 b5 44. Kd4 Rb6 45. Kc3 f6 46. f4 Rb8 47. Rd2 Rh8 48. Kb4 Rh4 49. Nc3 Kd8 50. Nd5 Kc8 51. Ka5 Kb7 52. Re2 fxg5 53. Re7 Kc6 54. Nb4+ Kd6 55. Re6+ Kc7 56. fxg5 Rh5 57. Rg6 1-0

[Event "Hastings Masters 2008-09"]
[Site "Hastings ENG"]
[Date "2008.12.29"]
[Round "2"]
[White "Kaufman, Raymond"]
[Black "Cilia Vincenti, David"]
[Result "1-0"]
[WhiteElo "2320"]
[BlackElo "2108"]
[PlyCount "51"]
[GameId "2129405090129208"]
[EventDate "2008.12.28"]
[EventType "swiss"]
[EventRounds "9"]
[EventCountry "ENG"]
[SourceTitle "The Week in Chess 738"]
[Source "Mark Crowther"]
[SourceDate "2008.12.29"]
[SourceVersion "1"]
[SourceVersionDate "2008.12.29"]
[SourceQuality "2"]

1. d4 d5 2. c4 dxc4 3. Nc3 Nf6 4. Nf3 a6 5. e4 b5 6. e5 Nd5 7. a4 e6 8. axb5 Nb6 9. Be2 Bb7 10. bxa6 Rxa6 11. Rxa6 Nxa6 12. Bg5 Be7 13. Bxe7 Qxe7 14. Bxc4 Qb4 15. Bb5+ c6 16. Bd3 Qxb2 17. Ne4 O-O 18. O-O Nd5 19. Nd6 h6 20. Bb1 Nac7 21. Qd3 g6 22. Re1 Ba6 23. Qe4 Nb5 24. Qg4 Ne7 25. Qh4 Nxd6 26. exd6 1-0

[Event "Hastings Masters 2008-09"]
[Site "Hastings ENG"]
[Date "2008.12.31"]
[Round "4"]
[White "Kaufman, Raymond"]
[Black "Berg, Emanuel"]
[Result "0-1"]
[WhiteElo "2320"]
[BlackElo "2623"]
[PlyCount "116"]
[GameId "2129405090129314"]
[EventDate "2008.12.28"]
[EventType "swiss"]
[EventRounds "9"]
[EventCountry "ENG"]
[SourceTitle "The Week in Chess 739"]
[Source "Mark Crowther"]
[SourceDate "2009.01.05"]
[SourceVersion "1"]
[SourceVersionDate "2009.01.05"]
[SourceQuality "2"]

1. d4 Nf6 2. c4 e6 3. Nc3 Bb4 4. Qc2 d5 5. cxd5 exd5 6. Bg5 c5 7. Nf3 h6 8. Bxf6 Qxf6 9. a3 Ba5 10. e3 O-O 11. Be2 Bf5 12. Qd2 c4 13. O-O Qd6 14. Nh4 Bh7 15. Bd1 Nd7 16. Bc2 Bxc2 17. Qxc2 Rfe8 18. Nf5 Qe6 19. Rae1 g6 20. Ng3 h5 21. f3 Nf6 22. Nh1 b5 23. Nf2 Qd7 24. Re2 Bb6 25. Rd1 a5 26. a4 b4 27. Nb5 Re7 28. e4 dxe4 29. fxe4 Rae8 30. Kh1 b3 31. Qb1 Ng4 32. Nh3 Rd8 33. Nf4 Qc6 34. e5 Kg7 35. h3 Nh6 36. d5 Qc5 37. e6 Nf5 38. Nxh5+ Kf8 39. Re5 Ne3 40. Re1 Rxd5 41. R5xe3 Rxh5 42. Rf3 Rf5 43. Rxf5 Qxf5 44. Qxf5 gxf5 45. Nd6 c3 46. bxc3 Rxe6 47. Rd1 f4 48. Nc4 Bc7 49. Rb1 Re4 50. Nd2 Rxa4 51. Nxb3 Ra2 52. Nd4 a4 53. Nb5 Bb6 54. c4 Bc5 55. Nc3 Ra3 56. Ne4 Bd4 57. Kh2 Be5 58. Kg1 Re3 0-1

[Event "Hastings Masters 2008-09"]
[Site "Hastings ENG"]
[Date "2009.01.01"]
[Round "5"]
[White "Kaufman, Raymond"]
[Black "Chowdhury, Sohel"]
[Result "1/2-1/2"]
[WhiteElo "2320"]
[BlackElo "2168"]
[PlyCount "77"]
[GameId "2129405090129366"]
[EventDate "2008.12.28"]
[EventType "swiss"]
[EventRounds "9"]
[EventCountry "ENG"]
[SourceTitle "The Week in Chess 739"]
[Source "Mark Crowther"]
[SourceDate "2009.01.05"]
[SourceVersion "1"]
[SourceVersionDate "2009.01.05"]
[SourceQuality "2"]

1. e4 c5 2. Nf3 e6 3. d4 cxd4 4. Nxd4 a6 5. Bd3 Qb6 6. Nb3 Qc7 7. O-O Nf6 8. Qe2 Nc6 9. f4 d6 10. N1d2 Nb4 11. Nf3 Be7 12. Kh1 b5 13. Bd2 Nxd3 14. cxd3 Bd7 15. Rac1 Qb8 16. Na5 O-O 17. Nd4 Rc8 18. Rxc8+ Qxc8 19. Rc1 Qb8 20. h3 Bf8 21. Qf3 Qb6 22. Ndc6 Bxc6 23. Nxc6 d5 24. e5 Nd7 25. Ba5 Qb7 26. Nd8 Qb8 27. Bc7 Qa7 28. f5 Nxe5 29. Bxe5 Rxd8 30. fxe6 Qe7 31. Rc6 fxe6 32. Rxa6 Re8 33. Rc6 Qh4 34. d4 b4 35. Rc7 Be7 36. Qd3 Bf6 37. Qe2 Qg5 38. Qb5 Rf8 39. Qxb4 1/2-1/2

[Event "Hastings Masters 2008-09"]
[Site "Hastings ENG"]
[Date "2009.01.02"]
[Round "6"]
[White "Grant, Alan"]
[Black "Kaufman, Raymond"]
[Result "1/2-1/2"]
[WhiteElo "2192"]
[BlackElo "2320"]
[PlyCount "53"]
[GameId "2129405090129404"]
[EventDate "2008.12.28"]
[EventType "swiss"]
[EventRounds "9"]
[EventCountry "ENG"]
[SourceTitle "The Week in Chess 739"]
[Source "Mark Crowther"]
[SourceDate "2009.01.05"]
[SourceVersion "1"]
[SourceVersionDate "2009.01.05"]
[SourceQuality "2"]

1. e4 c5 2. Nf3 e6 3. d4 cxd4 4. Nxd4 a6 5. Bd3 Qc7 6. O-O Nf6 7. Nc3 b5 8. Be3 Bb7 9. a3 Be7 10. f4 d6 11. Qf3 Nbd7 12. Kh1 Nb6 13. Qg3 O-O 14. e5 dxe5 15. fxe5 Nh5 16. Qh3 Qxe5 17. Rae1 Nc4 18. Bg1 Qg5 19. Ne4 Qh6 20. b3 f5 21. bxc4 fxe4 22. Be2 Nf4 23. Qxh6 gxh6 24. cxb5 axb5 25. Bxb5 Rac8 26. Bd7 Rc3 27. Nxe6 1/2-1/2

[Event "Hastings Masters 2008-09"]
[Site "Hastings ENG"]
[Date "2009.01.03"]
[Round "7"]
[White "Barton, A."]
[Black "Kaufman, Raymond"]
[Result "1/2-1/2"]
[WhiteElo "2131"]
[BlackElo "2320"]
[PlyCount "181"]
[GameId "2129405090133542"]
[EventDate "2008.12.28"]
[EventType "swiss"]
[EventRounds "9"]
[EventCountry "ENG"]
[SourceTitle "The Week in Chess 739"]
[Source "Mark Crowther"]
[SourceDate "2009.01.05"]
[SourceVersion "1"]
[SourceVersionDate "2009.01.05"]
[SourceQuality "2"]

1. d4 Nf6 2. Nf3 g6 3. c4 Bg7 4. Nc3 O-O 5. Bg5 d6 6. e3 c6 7. Be2 a6 8. O-O b5 9. a3 Nbd7 10. Qc2 Bb7 11. Rfd1 h6 12. Bh4 Qb6 13. b4 bxc4 14. Bxc4 a5 15. Rab1 axb4 16. Rxb4 Qc7 17. Rdb1 Ba6 18. Ba2 c5 19. Nd5 Nxd5 20. Bxd5 Rac8 21. Ra4 Nb8 22. h3 g5 23. Bg3 cxd4 24. Qxc7 Rxc7 25. Nxd4 Rfc8 26. Be4 Rc1+ 27. Rxc1 Rxc1+ 28. Kh2 Bf6 29. Nf5 h5 30. h4 Rc4 31. Rxc4 Bxc4 32. hxg5 Bxg5 33. Bf3 Be6 34. Bh4 Bxf5 35. Bxg5 f6 36. Bh4 Bg6 37. Bd5+ Bf7 38. Bxf7+ Kxf7 39. f4 f5 40. Kh3 e5 41. fxe5 dxe5 42. Bd8 Na6 43. Bb6 Kf6 44. Kh4 Kg6 45. g3 Kh6 46. a4 Kg6 47. Bd8 Nc5 48. a5 Na6 49. Be7 Kh6 50. Bd6 e4 51. Kh3 Kg6 52. Kg2 Kf6 53. Kf2 Ke6 54. Ba3 Nc7 55. Ke2 Kd5 56. Be7 Na6 57. Bd8 Nc5 58. Kd2 Kc4 59. Kc2 Na6 60. Be7 Nb8 61. Bd6 Na6 62. Kb2 Kd5 63. Be7 Kc4 64. Bd6 Kd5 65. Bf4 Kc4 66. Ka3 Nb4 67. Ka4 Na6 68. Bd6 Kd5 69. Be7 Kc4 70. Bf8 Nc7 71. Bd6 Na6 72. Be7 Nc7 73. Bd8 Na6 74. Bb6 Nb8 75. Ka3 Na6 76. Kb2 Nb4 77. Kc1 Na6 78. Kc2 Nb4+ 79. Kd2 Na6 80. Ke2 Kd5 81. Bd8 Nc5 82. Bf6 Na6 83. Bd4 Nb4 84. Kf2 Ke6 85. Kg2 Kf7 86. Kh3 Na6 87. Kh4 Kg6 88. Be5 Nc5 89. Bc7 Kh6 90. Bd6 Na6 91. Bf8+ 1/2-1/2

[Event "National Chess Congress"]
[Site "Philadelphia USA"]
[Date "2008.11.30"]
[Round "5"]
[White "Quan Zhe"]
[Black "Kaufman, Raymond"]
[Result "1-0"]
[WhiteElo "2401"]
[BlackElo "2320"]
[PlyCount "77"]
[GameId "2129405090795231"]
[EventDate "2008.11.28"]
[EventType "swiss"]
[EventRounds "6"]
[EventCountry "USA"]
[SourceTitle "The Week in Chess 734"]
[Source "Mark Crowther"]
[SourceDate "2008.12.01"]
[SourceVersion "1"]
[SourceVersionDate "2008.12.01"]
[SourceQuality "2"]

1. d4 Nf6 2. Nf3 d5 3. c4 c6 4. e3 Bg4 5. Nbd2 Nbd7 6. Qc2 e6 7. b3 Bd6 8. Bd3 O-O 9. O-O Qe7 10. Bb2 Bh5 11. Ne5 Bg6 12. Nxg6 hxg6 13. e4 dxe4 14. Nxe4 Nxe4 15. Bxe4 Ba3 16. Bc3 Bb4 17. Bxb4 Qxb4 18. a3 Qb6 19. b4 Nf6 20. c5 Qc7 21. Bf3 Rfd8 22. Rad1 Rd7 23. g3 Rad8 24. Qb2 Nd5 25. Rd2 Ne7 26. Rfd1 Nd5 27. Kg2 a5 28. bxa5 Qxa5 29. Bxd5 exd5 30. Re2 Qa4 31. Rde1 Kf8 32. Re3 Qc4 33. h4 Kg8 34. Qd2 Qa6 35. Re8+ Rxe8 36. Rxe8+ Kh7 37. Qf4 Qa7 38. Qg4 f5 39. Qg5 1-0

[Event "National Chess Congress"]
[Site "Philadelphia USA"]
[Date "2008.11.30"]
[Round "6"]
[White "Ippolito, Dean"]
[Black "Kaufman, Raymond"]
[Result "1-0"]
[WhiteElo "2430"]
[BlackElo "2320"]
[PlyCount "81"]
[GameId "2129405090795237"]
[EventDate "2008.11.28"]
[EventType "swiss"]
[EventRounds "6"]
[EventCountry "USA"]
[SourceTitle "The Week in Chess 734"]
[Source "Mark Crowther"]
[SourceDate "2008.12.01"]
[SourceVersion "1"]
[SourceVersionDate "2008.12.01"]
[SourceQuality "2"]

1. d4 d5 2. c4 e6 3. Nf3 Nf6 4. g3 Be7 5. Bg2 O-O 6. O-O dxc4 7. Ne5 Nc6 8. Bxc6 bxc6 9. Nxc6 Qe8 10. Nxe7+ Qxe7 11. Qa4 c5 12. Qa3 Bb7 13. Bg5 Rfc8 14. Nc3 Qf8 15. Bxf6 gxf6 16. Rfd1 cxd4 17. Qxf8+ Kxf8 18. Rxd4 f5 19. Rc1 Rab8 20. Rc2 Ba6 21. f3 Rc7 22. Kf2 Rcb7 23. Nd1 f6 24. Rdd2 Ke7 25. Ne3 Rc8 26. Rd4 Rbc7 27. Rh4 Kf8 28. Rd2 Rb8 29. Rhd4 Bb5 30. Rc2 Rbc8 31. Rc1 Rc5 32. Ke1 c3 33. b3 a5 34. a4 Ba6 35. Rd6 R8c6 36. Rxc6 Rxc6 37. Rc2 f4 38. gxf4 Rc5 39. Kf2 Rh5 40. Kg3 Rc5 41. Nc4 1-0

[Event "Pan-American Continental"]
[Site "Boca Raton USA"]
[Date "2008.11.04"]
[Round "5"]
[White "Aldama Degurnay, Dionisio"]
[Black "Kaufman, Raymond"]
[Result "1-0"]
[WhiteElo "2457"]
[BlackElo "2320"]
[PlyCount "55"]
[GameId "2129405091262930"]
[EventDate "2008.11.01"]
[EventType "swiss"]
[EventRounds "9"]
[EventCountry "USA"]
[SourceTitle "The Week in Chess 731"]
[Source "Mark Crowther"]
[SourceDate "2008.11.10"]
[SourceVersion "1"]
[SourceVersionDate "2008.11.10"]
[SourceQuality "2"]

1. e4 e5 2. Nf3 Nc6 3. Bb5 Nf6 4. d3 d6 5. c3 g6 6. O-O Bg7 7. Re1 O-O 8. Nbd2 Ne7 9. d4 c6 10. Ba4 Qc7 11. Nf1 h6 12. h3 Nh5 13. N1h2 Kh7 14. Bc2 Nf6 15. b4 a5 16. bxa5 Rxa5 17. c4 c5 18. d5 Ne8 19. a4 f5 20. exf5 gxf5 21. Ra3 Ng6 22. g4 Qf7 23. Bd2 Ra6 24. Qb1 Ne7 25. Nh4 Qf6 26. Nxf5 Nxf5 27. Rf3 Qg6 28. Kh1 1-0

[Event "Foxwoods op"]
[Site "Ledyard USA"]
[Date "2008.03.21"]
[Round "4"]
[White "Kaufman, Raymond"]
[Black "Filipovich, David"]
[Result "1-0"]
[WhiteElo "2386"]
[BlackElo "2208"]
[PlyCount "83"]
[GameId "2129405097576087"]
[EventDate "2008.03.19"]
[EventType "swiss"]
[EventRounds "9"]
[EventCountry "USA"]
[SourceTitle "The Week in Chess 698"]
[Source "Mark Crowther"]
[SourceDate "2008.03.24"]
[SourceVersion "1"]
[SourceVersionDate "2008.03.24"]
[SourceQuality "2"]

1. d4 d5 2. c4 c6 3. Nf3 Nf6 4. e3 g6 5. Nc3 Bg7 6. Be2 O-O 7. O-O dxc4 8. Bxc4 Bg4 9. h3 Bxf3 10. Qxf3 Nbd7 11. Rd1 e5 12. d5 e4 13. Nxe4 Nxe4 14. Qxe4 Nb6 15. Bb3 cxd5 16. Bxd5 Re8 17. Qf3 Nxd5 18. Rxd5 Qc7 19. e4 Qc4 20. Rd7 Rxe4 21. Be3 Bxb2 22. Rb1 Qe6 23. Rxb7 Bd4 24. Bxd4 Rxd4 25. Rxf7 Qxf7 26. Qxa8+ Kg7 27. Qb8 Rd7 28. a4 Qd5 29. Qb2+ Kh6 30. Qh8 Rf7 31. Qc3 Qa2 32. Qe3+ Kg7 33. Qd4+ Kh6 34. Re1 Qc2 35. Re4 Qc1+ 36. Kh2 Qc7+ 37. g3 Qc2 38. Rh4+ Kg5 39. Qe5+ Rf5 40. Qe7+ Rf6 41. Rg4+ Kf5 42. Rf4+ 1-0

[Event "Hastings Premier 2007-08"]
[Site "Hastings ENG"]
[Date "2007.12.28"]
[Round "1"]
[White "Rayner, Francis"]
[Black "Kaufman, Raymond"]
[Result "1/2-1/2"]
[WhiteElo "2201"]
[BlackElo "2393"]
[PlyCount "81"]
[GameId "2129405099214565"]
[EventDate "2007.12.28"]
[EventType "swiss"]
[EventRounds "10"]
[EventCountry "ENG"]
[SourceTitle "The Week in Chess 686"]
[Source "Mark Crowther"]
[SourceDate "2007.12.31"]
[SourceVersion "1"]
[SourceVersionDate "2007.12.31"]
[SourceQuality "2"]

1. e4 c5 2. Nf3 e6 3. d4 cxd4 4. Nxd4 a6 5. Bd3 Qc7 6. O-O Nf6 7. Qe2 d6 8. c4 Be7 9. Nc3 O-O 10. f4 Nfd7 11. Nf3 Nc6 12. Be3 Nb4 13. Bb1 Bf6 14. Rc1 Qa5 15. a3 Nc6 16. b4 Qd8 17. Qd3 Bxc3 18. Rxc3 Nf6 19. h3 b6 20. Ra2 Bb7 21. Rd2 Ne7 22. Qd4 b5 23. e5 dxe5 24. fxe5 Qxd4 25. Rxd4 Nh5 26. Rd2 Bxf3 27. gxf3 Ng6 28. Bxg6 fxg6 29. Kg2 Rf5 30. cxb5 axb5 31. f4 g5 32. fxg5 Rxe5 33. h4 Re4 34. Rd4 Rxd4 35. Bxd4 Nf4+ 36. Kf3 Nd5 37. Rd3 Kf7 38. Ke4 Kg6 39. Rf3 Ne7 40. Bf2 Nf5 41. Ke5 1/2-1/2

[Event "Hastings Premier 2007-08"]
[Site "Hastings ENG"]
[Date "2007.12.29"]
[Round "2"]
[White "Kaufman, Raymond"]
[Black "Goodger, Martyn"]
[Result "1-0"]
[WhiteElo "2393"]
[BlackElo "2067"]
[PlyCount "65"]
[GameId "2129405099214600"]
[EventDate "2007.12.28"]
[EventType "swiss"]
[EventRounds "10"]
[EventCountry "ENG"]
[SourceTitle "The Week in Chess 686"]
[Source "Mark Crowther"]
[SourceDate "2007.12.31"]
[SourceVersion "1"]
[SourceVersionDate "2007.12.31"]
[SourceQuality "2"]

1. d4 f5 2. Nf3 Nf6 3. g3 e6 4. Bg2 Be7 5. O-O O-O 6. Nbd2 d6 7. Re1 Nc6 8. e4 fxe4 9. Nxe4 Nxe4 10. Rxe4 d5 11. Re1 Bf6 12. h4 Qe8 13. Bf4 Rf7 14. c3 Re7 15. Qd3 Nd8 16. c4 c6 17. Re2 dxc4 18. Qxc4 h5 19. Qc2 a5 20. Ng5 g6 21. Rd1 Ra6 22. Ne4 Bg7 23. Nd6 Qd7 24. d5 e5 25. dxc6 Nxc6 26. Bg5 Re8 27. Qb3+ Kf8 28. Nxe8 Qxe8 29. Bxc6 Rxc6 30. Rd8 Rc1+ 31. Kh2 Qxd8 32. Bxd8 Bg4 33. f3 1-0

[Event "Hastings Premier 2007-08"]
[Site "Hastings ENG"]
[Date "2007.12.30"]
[Round "3"]
[White "Bindrich, Falko"]
[Black "Kaufman, Raymond"]
[Result "1-0"]
[WhiteElo "2512"]
[BlackElo "2393"]
[PlyCount "59"]
[GameId "2129405099214629"]
[EventDate "2007.12.28"]
[EventType "swiss"]
[EventRounds "10"]
[EventCountry "ENG"]
[SourceTitle "The Week in Chess 686"]
[Source "Mark Crowther"]
[SourceDate "2007.12.31"]
[SourceVersion "1"]
[SourceVersionDate "2007.12.31"]
[SourceQuality "2"]

1. e4 d6 2. d4 Nf6 3. Nc3 g6 4. Nf3 Bg7 5. Be2 O-O 6. O-O Bg4 7. Ng5 Bxe2 8. Qxe2 Nfd7 9. Be3 c5 10. dxc5 Nxc5 11. Rad1 Nbd7 12. Qg4 h6 13. Nh3 Rc8 14. Qh4 e6 15. Qf4 Ne5 16. Bd4 Kh7 17. Qg3 Qb6 18. Na4 Qc7 19. Nc3 Qb6 20. b3 Rfd8 21. Kh1 Qb4 22. a3 Qxa3 23. f4 Ned7 24. Bxg7 Kxg7 25. f5 Nf6 26. fxg6 fxg6 27. Nf4 g5 28. h4 Rg8 29. hxg5 hxg5 30. Nh5+ 1-0

[Event "Hastings Premier 2007-08"]
[Site "Hastings ENG"]
[Date "2007.12.31"]
[Round "4"]
[White "Kaufman, Raymond"]
[Black "Poobalasingam, Peter"]
[Result "1/2-1/2"]
[WhiteElo "2393"]
[BlackElo "2158"]
[PlyCount "45"]
[GameId "2129405099222892"]
[EventDate "2007.12.28"]
[EventType "swiss"]
[EventRounds "10"]
[EventCountry "ENG"]
[SourceTitle "The Week in Chess 686"]
[Source "Mark Crowther"]
[SourceDate "2007.12.31"]
[SourceVersion "1"]
[SourceVersionDate "2007.12.31"]
[SourceQuality "2"]

1. d4 Nf6 2. c4 g6 3. Nf3 Bg7 4. g3 O-O 5. Bg2 d5 6. cxd5 Nxd5 7. O-O Nb6 8. Nc3 Nc6 9. d5 Na5 10. e4 c6 11. Nd4 cxd5 12. exd5 e6 13. Nb3 Nxb3 14. axb3 exd5 15. Nxd5 Be6 16. Nxb6 Qxb6 17. Be3 Qb5 18. Qf3 Qxb3 19. Qxb7 Rab8 20. Qxa7 Qxb2 21. h4 Qc2 22. Rac1 Qa2 23. Qxa2 1/2-1/2

[Event "Hastings Premier 2007-08"]
[Site "Hastings ENG"]
[Date "2008.01.04"]
[Round "8"]
[White "Furman, Boris"]
[Black "Kaufman, Raymond"]
[Result "1-0"]
[WhiteElo "2264"]
[BlackElo "2393"]
[PlyCount "75"]
[GameId "2129405099223079"]
[EventDate "2007.12.28"]
[EventType "swiss"]
[EventRounds "10"]
[EventCountry "ENG"]
[SourceTitle "The Week in Chess 687"]
[Source "Mark Crowther"]
[SourceDate "2008.01.07"]
[SourceVersion "1"]
[SourceVersionDate "2008.01.07"]
[SourceQuality "2"]

1. d4 e6 2. c4 b6 3. Nc3 Bb4 4. e3 Bb7 5. Qc2 f5 6. a3 Bxc3+ 7. Qxc3 Nf6 8. f3 O-O 9. Bd3 a5 10. b3 d6 11. Ne2 Qe7 12. Bb2 Nbd7 13. O-O g6 14. Rad1 e5 15. Bb1 exd4 16. exd4 Ng4 17. Rfe1 Qe3+ 18. Qxe3 Nxe3 19. Rd3 Rae8 20. Bc1 f4 21. Nxf4 Nf5 22. Rxe8 Rxe8 23. Kf2 Kf7 24. Ne2 Ba6 25. g4 Ng7 26. Re3 Rxe3 27. Kxe3 a4 28. Ba2 axb3 29. Bxb3 c5 30. Bb2 Ne6 31. d5 Nd8 32. Nc3 Nb7 33. Nb5 Na5 34. Ba2 Ke7 35. Kf4 h6 36. Bg7 g5+ 37. Kf5 Bc8 38. Kg6 1-0

[Event "FSGM 2007.12"]
[Site "Budapest HUN"]
[Date "2007.12.01"]
[Round "1"]
[White "Ilincic, Zlatko"]
[Black "Kaufman, Raymond"]
[Result "1-0"]
[WhiteElo "2545"]
[BlackElo "2393"]
[PlyCount "101"]
[GameId "2129405099676320"]
[EventDate "2007.12.01"]
[EventType "tourn"]
[EventRounds "9"]
[EventCountry "HUN"]
[EventCategory "8"]
[SourceTitle "The Week in Chess 682"]
[Source "Mark Crowther"]
[SourceDate "2007.12.03"]
[SourceVersion "1"]
[SourceVersionDate "2007.12.03"]
[SourceQuality "2"]

1. d4 d5 2. c4 c6 3. Nf3 Nf6 4. e3 Bf5 5. Bd3 Bg6 6. Ne5 e6 7. Qb3 Qc7 8. Nc3 Bxd3 9. Nxd3 Nbd7 10. Bd2 Rc8 11. Rc1 Qb8 12. f4 Be7 13. Ne5 O-O 14. O-O dxc4 15. Qxc4 c5 16. Qe2 cxd4 17. exd4 Qd6 18. Be3 a6 19. g4 Nb6 20. g5 Nfd5 21. Ne4 Qb4 22. Nc5 Bxc5 23. dxc5 Na4 24. Nd3 Qe4 25. Rfe1 Rfd8 26. Bf2 Qf5 27. Qe4 Qh3 28. Bg3 b5 29. Rc2 Ne7 30. b3 Qf5 31. bxa4 Rxd3 32. axb5 axb5 33. Qxf5 Nxf5 34. Bf2 Nd4 35. Bxd4 Rxd4 36. Rb1 Rc4 37. Rxc4 bxc4 38. Rb4 Kf8 39. Rxc4 Ke7 40. c6 Kd6 41. c7 Rxc7 42. Rxc7 Kxc7 43. Kf2 Kc6 44. Ke3 Kc5 45. Kd3 f6 46. h4 Kd5 47. h5 h6 48. g6 Kc5 49. Kc3 Kb5 50. Kd4 Kb6 51. a4 1-0

[Event "FSGM 2007.12"]
[Site "Budapest HUN"]
[Date "2007.12.02"]
[Round "2"]
[White "Kaufman, Raymond"]
[Black "Pesotsky, Vitaly"]
[Result "1-0"]
[WhiteElo "2393"]
[BlackElo "2384"]
[PlyCount "77"]
[GameId "2129405099676325"]
[EventDate "2007.12.01"]
[EventType "tourn"]
[EventRounds "9"]
[EventCountry "HUN"]
[EventCategory "8"]
[SourceTitle "The Week in Chess 683"]
[Source "Mark Crowther"]
[SourceDate "2007.12.10"]
[SourceVersion "1"]
[SourceVersionDate "2007.12.10"]
[SourceQuality "2"]

1. e4 Nf6 2. e5 Nd5 3. d4 d6 4. Nf3 g6 5. Bc4 Nb6 6. Bb3 Nc6 7. exd6 exd6 8. O-O d5 9. Re1+ Be6 10. c3 Bg7 11. a4 O-O 12. a5 Nc4 13. a6 b5 14. Bc2 Rb8 15. Nbd2 Rb6 16. Nb3 Nb8 17. Nc5 Bc8 18. b3 Nd6 19. Bg5 f6 20. Bf4 Nxa6 21. h4 Nf7 22. Qd2 c6 23. Nxa6 Rxa6 24. Rxa6 Bxa6 25. h5 Re8 26. hxg6 hxg6 27. Bxg6 Rxe1+ 28. Qxe1 Bc8 29. Nh4 Kf8 30. Qe2 Qe7 31. Qh5 a5 32. Bf5 Bxf5 33. Nxf5 Qe1+ 34. Kh2 Qxf2 35. Be3 Qf1 36. Qh7 Bh8 37. Bh6+ Nxh6 38. Qe7+ Kg8 39. Nxh6# 1-0

[Event "FSGM 2007.12"]
[Site "Budapest HUN"]
[Date "2007.12.03"]
[Round "3"]
[White "Zhao, Zong Yuan"]
[Black "Kaufman, Raymond"]
[Result "1-0"]
[WhiteElo "2491"]
[BlackElo "2393"]
[PlyCount "86"]
[GameId "2129405099676334"]
[EventDate "2007.12.01"]
[EventType "tourn"]
[EventRounds "9"]
[EventCountry "HUN"]
[EventCategory "8"]
[SourceTitle "The Week in Chess 683"]
[Source "Mark Crowther"]
[SourceDate "2007.12.10"]
[SourceVersion "1"]
[SourceVersionDate "2007.12.10"]
[SourceQuality "2"]

1. e4 e5 2. Nf3 Nc6 3. Bb5 a6 4. Ba4 Nf6 5. O-O Be7 6. Re1 b5 7. Bb3 d6 8. c3 O-O 9. h3 Bb7 10. d4 Re8 11. Nbd2 Bf8 12. a4 Na5 13. Bc2 b4 14. d5 bxc3 15. bxc3 c6 16. c4 Qc7 17. Ba3 Reb8 18. Nh2 Bc8 19. Nhf1 g6 20. Ne3 cxd5 21. cxd5 Bd7 22. Bd3 Qc3 23. Qe2 Nb3 24. Ra2 Nh5 25. g3 Bxh3 26. Rc2 Qa5 27. Nec4 Qxa4 28. Nxb3 Rxb3 29. Ra2 Qd7 30. Na5 Bg4 31. Qc2 Rb6 32. Bf1 f5 33. f3 Bxf3 34. Qf2 Qa7 35. Nc6 Rxc6 36. dxc6 Bxe4 37. Qxa7 Rxa7 38. Rxe4 fxe4 39. Rc2 Rc7 40. Bb4 d5 41. Ba5 Bd6 42. Bxc7 Bxc7 43. Rb2 Nf6 1-0

[Event "FSGM 2007.12"]
[Site "Budapest HUN"]
[Date "2007.12.04"]
[Round "4"]
[White "Kaufman, Raymond"]
[Black "Payen, Arnaud"]
[Result "1/2-1/2"]
[WhiteElo "2393"]
[BlackElo "2398"]
[PlyCount "71"]
[GameId "2129405099676336"]
[EventDate "2007.12.01"]
[EventType "tourn"]
[EventRounds "9"]
[EventCountry "HUN"]
[EventCategory "8"]
[SourceTitle "The Week in Chess 683"]
[Source "Mark Crowther"]
[SourceDate "2007.12.10"]
[SourceVersion "1"]
[SourceVersionDate "2007.12.10"]
[SourceQuality "2"]

1. d4 d5 2. c4 e6 3. Nc3 Be7 4. cxd5 exd5 5. Bf4 Nf6 6. e3 Bf5 7. h3 c6 8. g4 Bg6 9. Nge2 Ne4 10. Bg2 Nd6 11. h4 h6 12. Bg3 Nd7 13. Nf4 Bh7 14. Qe2 Qa5 15. O-O Qd8 16. h5 O-O 17. b4 a6 18. a4 Nf6 19. f3 Re8 20. b5 a5 21. bxc6 bxc6 22. Nd3 Nc4 23. Ne5 Nxe5 24. Bxe5 Nd7 25. Bf4 Nb6 26. Qa2 Ra7 27. Qb3 Bb4 28. Rfd1 Rae7 29. Na2 Bd6 30. Bxd6 Rxe3 31. Nc3 Qxd6 32. Qxb6 Rxc3 33. Re1 Rf8 34. Qxa5 Rc2 35. Rac1 Ra2 36. Ra1 1/2-1/2

[Event "FSGM 2007.12"]
[Site "Budapest HUN"]
[Date "2007.12.07"]
[Round "7"]
[White "Kosic, Dragan"]
[Black "Kaufman, Raymond"]
[Result "1-0"]
[WhiteElo "2482"]
[BlackElo "2393"]
[PlyCount "81"]
[GameId "2129405099676351"]
[EventDate "2007.12.01"]
[EventType "tourn"]
[EventRounds "9"]
[EventCountry "HUN"]
[EventCategory "8"]
[SourceTitle "The Week in Chess 683"]
[Source "Mark Crowther"]
[SourceDate "2007.12.10"]
[SourceVersion "1"]
[SourceVersionDate "2007.12.10"]
[SourceQuality "2"]

1. d4 d5 2. Nf3 Nf6 3. c4 c6 4. e3 Bf5 5. Nc3 e6 6. Nh4 Be4 7. f3 Bg6 8. Qb3 Qb6 9. Nxg6 hxg6 10. Bd2 Nbd7 11. Qc2 Be7 12. cxd5 Nxd5 13. O-O-O O-O 14. Kb1 a5 15. Nxd5 cxd5 16. Qa4 Nf6 17. Bd3 Bb4 18. Qb5 Qxb5 19. Bxb5 Bxd2 20. Rxd2 Rfc8 21. Rc1 Rxc1+ 22. Kxc1 Rc8+ 23. Rc2 Rxc2+ 24. Kxc2 Kf8 25. Kb3 Ke7 26. Ka4 b6 27. Bc6 Kd6 28. Kb5 Kc7 29. h4 Ng8 30. Be8 Nh6 31. e4 dxe4 32. fxe4 Kd8 33. Bc6 Kc7 34. a4 f5 35. e5 Ng4 36. Bf3 Ne3 37. b3 f4 38. Be4 Nf5 39. Bxf5 gxf5 40. Kc4 Kc6 41. h5 1-0